00816nam a2200229Ia 4500001000700000003000500007008004100012010001100053020001800064040000900082082001600091100002700107245018600134260004600320300001100366503001200377504003400389650004400423650005400467650002300521700004200544Z_6194CHAP220113s1999 xx 000 0 und d a169435 a968-7541-04-0 cCHAP a636.085 M37 aMartín, Pedro Carlos aManual para fincas y ranchos ganaderos: indicadores útiles para su manejo. Tablas tropicales de composición de alimentos /cPedro Carlos Martín, José Manuel Palma García aMéxico :bUniversidad de Colima,c1999 a120 p. aej.1: ? aBibliografía : p. 119 - 120 aAlimentos y alimentación del ganado\  aGanaderíaxTrópicosfincas y ranchos ganaderos aNutrición animal aPalma García, José Manuel, coaut.